[Event "TAN-ch op"]
[Site "Dar es Salaam"]
[Date "2015.11.30"]
[Round "7"]
[White "Mwansa, Richard"]
[Black "Kidula, Brian"]
[Result "0-1"]
[WhiteElo "2023"]
[BlackElo "1947"]
[PlyCount "70"]
[EventDate "2015.11.27"]
[EventType "swiss"]
[EventRounds "8"]
[EventCountry "TAN"]
[SourceTitle "CBM 170 Extra"]
[Source "ChessBase"]
[SourceDate "2016.02.25"]
[SourceVersion "1"]
[SourceVersionDate "2016.02.25"]
[SourceQuality "1"]

1. e4 d6 2. d4 Nf6 3. Nc3 g6 4. Bg5 Bg7 5. f3 c6 6. a4 Nbd7 7. Qd2 Qa5 8. Bc4 b5 9. Bb3 b4 10. Nd1 Ba6 11. Ne2 c5 12. e5 dxe5 13. dxe5 Nxe5 14. Qf4 c4 15. Nd4 cxb3 16. Nxb3 Qc7 17. Bxf6 Bxf6 18. Qe4 0-0 19. Ne3 e6 20. Nd2 Qc5 21. Nb3 Qb6 22. 0-0-0 Rac8 23. Kb1 Nc4 24. Ng4 Bg7 25. Nd4 Bb7 26. a5 Qa6 27. Qf4 e5 28. Nf6+ Bxf6 29. Qxf6 exd4 30. Rxd4 Qxf6 31. Rhd1 Rcd8 32. c3 bxc3 33. bxc3 Nxa5 34. Kc2 Nc6 35. Rb4 Qg7 0-1

[Event "TAN-ch op"]
[Site "Dar es Salaam"]
[Date "2015.11.29"]
[Round "5"]
[White "Mwansa, Richard"]
[Black "Hinga, Githinji"]
[Result "1-0"]
[WhiteElo "2023"]
[BlackElo "2053"]
[PlyCount "71"]
[EventDate "2015.11.27"]
[EventType "swiss"]
[EventRounds "8"]
[EventCountry "TAN"]
[SourceTitle "CBM 170 Extra"]
[Source "ChessBase"]
[SourceDate "2016.02.25"]
[SourceVersion "1"]
[SourceVersionDate "2016.02.25"]
[SourceQuality "1"]

1. e4 c5 2. Nf3 Nc6 3. Bb5 e6 4. Bxc6 bxc6 5. 0-0 d5 6. Re1 Ne7 7. d3 Ng6 8. e5 Be7 9. b3 a5 10. a4 Ba6 11. Nbd2 Qc7 12. Bb2 0-0 13. c4 Rfb8 14. g3 Rb7 15. Ba3 Rd8 16. Qe2 Qb6 17. Rad1 Rbd7 18. Rb1 Bf8 19. Qe3 Qb7 20. h4 dxc4 21. bxc4 Rxd3 22. Rxb7 Rxe3 23. Rxe3 Bxb7 24. h5 Ne7 25. Rb3 Rd7 26. Bxc5 Nf5 27. Ne4 Bc8 28. Rb8 Bxc5 29. Nxc5 Rd1+ 30. Kg2 Ne7 31. Ra8 Kf8 32. Nb7 Rd7 33. Nd6 Rd8 34. Ng5 h6 35. Ngxf7 Rd7 36. Nxc8 1-0

[Event "TAN-ch op"]
[Site "Dar es Salaam"]
[Date "2015.11.27"]
[Round "2"]
[White "Mwansa, Richard"]
[Black "Mwaisumbe, Emmanuel"]
[Result "1-0"]
[WhiteElo "2023"]
[BlackElo "1635"]
[PlyCount "85"]
[EventDate "2015.11.27"]
[EventType "swiss"]
[EventRounds "8"]
[EventCountry "TAN"]
[SourceTitle "CBM 170 Extra"]
[Source "ChessBase"]
[SourceDate "2016.02.25"]
[SourceVersion "1"]
[SourceVersionDate "2016.02.25"]
[SourceQuality "1"]

1. e4 c5 2. Nf3 d6 3. d4 cxd4 4. Nxd4 Nf6 5. Nc3 a6 6. Be3 Nc6 7. f3 e6 8. Qd2 Be7 9. 0-0-0 0-0 10. g4 Nd7 11. Kb1 Nce5 12. h4 b5 13. Bg5 Nf6 14. f4 Nexg4 15. Nc6 Qe8 16. Nxe7+ Qxe7 17. Bh3 Qa7 18. Bxf6 Nxf6 19. Qxd6 Bb7 20. Qe5 Qb8 21. Qxb8 Raxb8 22. Rd4 Nh5 23. f5 exf5 24. Bxf5 Ng3 25. Rg1 Nxf5 26. exf5 Rbd8 27. Rdg4 g6 28. a3 Bf3 29. Rf4 Bc6 30. h5 Kg7 31. f6+ Kg8 32. Ne2 Rd5 33. Nd4 Bb7 34. Nf5 Kh8 35. hxg6 fxg6 36. Ne7 Rd6 37. Rxg6 Rd1+ 38. Ka2 Bd5+ 39. b3 Rd2 40. Kb2 Rh2 41. Rg5 Bf7 42. Rg7 h5 43. Rf5 1-0